Шифртелеграмма временного поверенного в делах СССР в США Д. С. Чувахина в НКИД СССР о позиции правительства США в отношении всту...

RUSMARC
00004382cbm0a2200313#x 450
0017e157100-8dbb-48b2-8358-f135cd749235
00520210830164401.0
100##$a20210830j19390923k###0rusy50 ca
1010#$arus
102##$aUS
105##$ay###z########
1220#$ad19390923##
2001#$aШифртелеграмма временного поверенного в делах СССР в США Д. С. Чувахина в НКИД СССР о позиции правительства США в отношении вступления частей Красной армии на территорию Западной Белоруссии и Западной Украины
$j23 сентября 1939 г.
251##$cДокумент
300##$aЗаверенная копия
461#0$12001
$aФ. 059
$1251
$cФонд
$1852
$j059
462#0$12001
$aОп. 1. П. 296
$1251
$cОпись
$1852
$j1. П. 296
462#0$12001
$aД. 2049
$vЛ. 106-107
$1251
$cДело
$1852
$j2049
605##$2prlib_sh
$3LIBNET\UAF\0000088514
$aВторая мировая война в архивных документах (Комплекс оцифрованных архивных документов, кино- и фотоматериалов)
$lколлекция
617##$2prlib_sh
$aСССР
$f1939
617##$2prlib_sh
$aСоединенные Штаты Америки
$f1939
617##$2prlib_sh
$aУкраина
$f1939
617##$2prlib_sh
$aБелоруссия
$f1939
801#0$aRU
$bПБ им. Б.Н. Ельцина
$c20210830
801#1$aRU
$bПБ им. Б.Н. Ельцина
$c20210830
$2rusmarc
801#2$aRU
$bПБ им. Б.Н. Ельцина
$c20210830
$2rusmarc
850##$aАрхив внешней политики Российской Федерации
852##$aАВП РФ
$jЛ. 106-107
8564#$nПБ им. Б.Н. Ельцина
$uhttp://readingroom.main.prlib.ru/item.aspx?id_node=n167818760&mode=full
035##$aLIBNET\0001179767
937##$d167818760
$hФедеральное архивное агентство
Формат отображения